KOHA-Header-6

Business Process Reengineering (Record no. 12329)

000 -LEADER
fixed length control field 00303nam a22001217a 4500
020 ## - INTERNATIONAL STANDARD BOOK NUMBER
ISBN 9780071067874
082 ## - DEWEY DECIMAL CLASSIFICATION NUMBER
Classification number 658.406
100 ## - MAIN ENTRY--AUTHOR NAME
Personal name R. Srinivasan
245 ## - TITLE STATEMENT
Title Business Process Reengineering
260 ## - PUBLICATION, DISTRIBUTION, ETC. (IMPRINT)
Place of publication 2012
Name of publisher Tata Mcgraw Hill Education Private Limited
Year of publication 2011
300 ## - PHYSICAL DESCRIPTION
Number of Pages 220 pages.
942 ## - ADDED ENTRY ELEMENTS (KOHA)
Koha item type Books
Holdings
Withdrawn status Lost status Collection code Permanent Location Current Location Shelving location Date acquired Full call number Accession Number Koha item type
    Business MAJU MAJU   2020-03-05 658.406 9619 Business

Powered by Koha